Jste dobrý šéf?
Gespeichert in:
| 1. Verfasser: | |
|---|---|
| Weitere Verfasser: | |
| Format: | Buch |
| Sprache: | Tschechisch |
| Veröffentlicht: |
Praha
Computer Press
1999
|
| Schriftenreihe: | Praxe manažera
Business books |
| Schlagworte: | |
| Tags: |
Keine Tags, Fügen Sie das erste Tag hinzu!
|
MARC
| LEADER | 00000nam a2200000 4500 | ||
|---|---|---|---|
| 001 | c143956 | ||
| 005 | 20230220122909.9 | ||
| 020 | |a 80-7226-183-5 | ||
| 041 | 0 | |a cze | |
| 044 | |a CZ | ||
| 245 | 1 | 0 | |a Jste dobrý šéf? |c Emmett C. Murphy ; [preklad: Eva Nevrlá] |
| 264 | 1 | |a Praha |b Computer Press |c 1999 | |
| 300 | |a 179 s. | ||
| 490 | 1 | |a Praxe manažera | |
| 830 | 0 | |a Praxe manažera | |
| 490 | 1 | |a Business books | |
| 830 | 0 | |a Business books | |
| 610 | 2 | 0 | |a manažment |
| 610 | 2 | 0 | |a manažéri |
| 610 | 2 | 0 | |a riadenie |
| 610 | 2 | 0 | |a vedenie |
| 610 | 2 | 0 | |a vedenie podniku |
| 610 | 2 | 0 | |a pracovníci riadiaci |
| 610 | 2 | 0 | |a pracovníci vedúci |
| 610 | 2 | 0 | |a výber pracovníkov |
| 610 | 2 | 0 | |a komunikácia manažérska |
| 610 | 2 | 0 | |a motivácia pracovná |
| 610 | 2 | 0 | |a hodnotenie pracovníkov |
| 610 | 2 | 0 | |a hodnotenie práce |
| 610 | 2 | 0 | |a vyjednávanie |
| 610 | 2 | 0 | |a potreby |
| 610 | 2 | 0 | |a synergia |
| 100 | 1 | |a Murphy, Emmett C. | |
| 700 | 1 | |a Nevrlá, Eva | |